000 00592nam a2200169 i 4500
001 50143
003 ES-MaACL
005 20230906162130.0
007 t|
008 030731s1931 fr ||||1| fre d
100 1 _aCrommelynck, Fernand.
_941686
245 1 3 _aLe Cocu magnifique
_b: pièce en trois actes ; Le sculpteur de masques : symbole tragique en un acte /
_cFernand Crommelynck.
260 _aParis :
_bEd. Emile-Paul Frères,
_c1931 (
_eParis :
_fChaix)
300 _a251 p. ;
_c19 cm.
740 3 _aLe sculpteur de masques: symbole tragique en un acte.
852 _aES-MaACL
_jA-3347
999 _c50143
_d50143